Culture Générale - Série 2077 - Statistiques

Statistiques générales
  • Ce quiz a été pris 99 fois
  • Le résultat moyen est 3 sur 10
Statistiques - réponses
Question Réponse % Correct
Sous quel nom de scène connait-ion mieux la chanteuse Annie Chancel ? voir photo Sheila
81%
Quel verbe de 8 lettres commençant par " s " signifie "murmurer doucement" ? susurrer
71%
Quelle est la nationalité du poète Pablo Neruda ? chilienne
62%
A quel pays appartient l'île d'Eubée ? Grèce
62%
Dans quelle discipline parle-t-on de langage lisp ? informatique
19%
Quelle ville a pris la suite de Cognac et accueille depuis 2009 le festival international du film policier ? Beaune
8%
Quel mot de 6 lettres commençant par " p " est synonyme de "pimbêche" ? pécore
7%
Verrue des bovins et des équidés fic
5%
En équitation, comment appelle-t-on le mélange de trot et de galop, type même des allures détraquées et irrégulières ? aubin
1%
Déplacement non orienté d'un animal, provoqué par un agent externe, physique ou chimique - 6 lettres commençant par " c " cinèse
1%
Aucun quiz correspondant
Distribution des résultats
% des personnes avec chaque résultat
Percentile par nombre de réponses
Votre historique - résultats
Vous n’avez pas pris ce quiz